Scope and structure of money economics in tropical (Record no. 639351)

MARC details
000 -LEADER
fixed length control field 00833nam a2200253Ia 4500
003 - CONTROL NUMBER IDENTIFIER
control field OSt
005 - DATE AND TIME OF LATEST TRANSACTION
control field 20220926022410.0
008 - FIXED-LENGTH DATA ELEMENTS--GENERAL INFORMATION
fixed length control field 220923b |||||||| |||| 00| 0 eng d
037 ## - SOURCE OF ACQUISITION
Terms of availability General Book
040 ## - CATALOGING SOURCE
Original cataloging agency RTL
Transcribing agency RTL
Language of cataloging eng
041 ## - LANGUAGE CODE
Source of code eng
Language code of text/sound track or separate title eng
110 ## - MAIN ENTRY--CORPORATE NAME
Corporate name or jurisdiction name as entry element United Nations Economic and Social Affairs (Department of ....)
245 #0 - TITLE STATEMENT
Title Scope and structure of money economics in tropical
260 ## - PUBLICATION, DISTRIBUTION, ETC.
Place of publication, distribution, etc. New York
Name of publisher, distributor, etc. United Nations U. S. A.
Date of publication, distribution, etc. 1955
300 ## - PHYSICAL DESCRIPTION
Extent vii, 54p.
Dimensions cm.
500 ## - GENERAL NOTE
General note Sales No. 1955.11.C.4
650 ## - SUBJECT ADDED ENTRY--TOPICAL TERM
Topical term or geographic name entry element Economics-Money-Tropical Africa
9 (RLIN) 327739
700 ## - ADDED ENTRY--PERSONAL NAME
Personal name United Nations Economic and Social Affairs (Department of ....)
942 ## - ADDED ENTRY ELEMENTS (KOHA)
Classification part X61.692.N5, J5/UN
Koha item type General Books
Source of classification or shelving scheme Colon Classification (CC)
Holdings
Withdrawn status Lost status Damaged status Not for loan Home library Current library Date acquired Total Checkouts Full call number Barcode Date last seen Price effective from Koha item type
        Ratan Tata Library Ratan Tata Library 2022-09-26   X61.692.N5 J5/UN RT00023149 Ref 2022-09-26 2022-09-26 General Books
Copyright @ Delhi University Library System